000 01205nam a22002897a 4500
003 PE SENCICO BE
005 20251020182649.0
008 240111b |||||||| |||| 00| 0 eng d
040 _aPE SENCICO BE
_cPE SENCICO BE
041 _aspa
084 _aI
_aDIS
_a2018
_bF38
100 1 _91873
_aFernandez Oscco, Angelo Carlos
_eautor
245 1 _aRemodelación interior de un restaurante de comida peruana /
_cAngelo Carlos Fernandez Oscco
260 _aLima :
_c2018
300 _a83 h. :
_bil. col., tabls. ;
_c30 cm.
500 _aTexto en dos volúmenes. El volumen 2 contiene planos (40 x 60 cm.).
502 _aMonografía de Titulación.-- Servicio Nacional de Capacitación para la Industria de la Construcción. Escuela Superior Técnica. Carrera Profesional Técnica en Diseño de Interiores, 2018
650 1 0 _966
_aRestaurantes
650 2 0 _944
_aDiseño de interiores
650 2 0 _99
_aEspacios interiores
650 2 0 _91852
_aServicios de alimentos
650 2 0 _918
_aDiseño arquitectónico
650 2 0 _9615
_aPlanos
710 1 _aServicio Nacional de Capacitación para la Industria de la Construcción.
_bEscuela Superior Técnica
_91065
910 _bhfp
_chfp
942 _cMON
999 _c4501
_d4501